<?xml version="1.0" encoding="UTF-8"?><?xml-stylesheet type="text/xsl" href="static/style.xsl"?><OAI-PMH xmlns="http://www.openarchives.org/OAI/2.0/" xmlns:xsi="http://www.w3.org/2001/XMLSchema-instance" xsi:schemaLocation="http://www.openarchives.org/OAI/2.0/ http://www.openarchives.org/OAI/2.0/OAI-PMH.xsd"><responseDate>2026-06-01T06:01:13Z</responseDate><request verb="GetRecord" identifier="oai:riuma.uma.es:10630/23935" metadataPrefix="marc">https://riuma.uma.es/rest/oai/request</request><GetRecord><record><header><identifier>oai:riuma.uma.es:10630/23935</identifier><datestamp>2026-02-03T11:17:05Z</datestamp><setSpec>com_10630_2254</setSpec><setSpec>col_10630_37953</setSpec></header><metadata><record xmlns="http://www.loc.gov/MARC21/slim" xmlns:dcterms="http://purl.org/dc/terms/" xmlns:doc="http://www.lyncode.com/xoai" xmlns:xsi="http://www.w3.org/2001/XMLSchema-instance" xsi:schemaLocation="http://www.loc.gov/MARC21/slim http://www.loc.gov/standards/marcxml/schema/MARC21slim.xsd">
   <leader>00925njm 22002777a 4500</leader>
   <datafield ind2=" " ind1=" " tag="042">
      <subfield code="a">dc</subfield>
   </datafield>
   <datafield ind2=" " ind1=" " tag="720">
      <subfield code="a">Iglesias-Sánchez, Patricia Pilar</subfield>
      <subfield code="e">author</subfield>
   </datafield>
   <datafield ind2=" " ind1=" " tag="720">
      <subfield code="a">Jambrino-Maldonado, Carmen</subfield>
      <subfield code="e">author</subfield>
   </datafield>
   <datafield ind2=" " ind1=" " tag="720">
      <subfield code="a">De-las-Heras-Pedrosa, Carlos</subfield>
      <subfield code="e">author</subfield>
   </datafield>
   <datafield ind2=" " ind1=" " tag="720">
      <subfield code="a">Frías Villegas, Noelia</subfield>
      <subfield code="e">author</subfield>
   </datafield>
   <datafield ind2=" " ind1=" " tag="720">
      <subfield code="a">Olivares Delgado, Fernando</subfield>
      <subfield code="e">author</subfield>
   </datafield>
   <datafield ind2=" " ind1=" " tag="260">
      <subfield code="c">2022-04-20</subfield>
   </datafield>
   <datafield ind2=" " ind1=" " tag="520">
      <subfield code="a">The paper aims to identify the narrative communicative resources and&#xd;
messages spread by brands within the background of a global pandemic. This study&#xd;
compares two samples of advertising spots broadcast in Spain: one during the&#xd;
COVID-19 lockdown period and the other selected from the last de-escalation phase&#xd;
of the health crisis. A content analysis of a compendium of 125 commercials was&#xd;
proposed. The main finding is the social function adopted during lockdown in order&#xd;
to encourage the population with positive and resilient messages while during the&#xd;
de-escalation the brands recover their traditional commercial role and, do not even&#xd;
reflect reality with the persistence of the outbreak in the images and discourse. In&#xd;
fact, it showed a first phase focused on branding and a second phase when the&#xd;
population was urged to consume. The Covid-19 pandemic has shown a clear need&#xd;
for brands to adapt to an environment that has dramatically changed overnight.&#xd;
Practical Implications The paper includes implications for brands for sharing common&#xd;
support for emotional and psychological well-being in health crisis. This social&#xd;
function could improve their reputation and positioning globally.</subfield>
   </datafield>
   <datafield ind1="8" ind2=" " tag="024">
      <subfield code="a">Patricia P. Iglesias-Sánchez, Carmen Jambrino-Maldonado, Carlos de Las Heras-Pedrosa, Noelia Frías Villegas &amp; Fernando Olivares-Delgado | (2022) Brand’s communications in Covid-19. Social role during and after lockdown, Cogent Social Sciences, 8:1, 2053271 https://doi.org/10.1080/23311886.2022.2053271</subfield>
   </datafield>
   <datafield ind1="8" ind2=" " tag="024">
      <subfield code="a">https://hdl.handle.net/10630/23935</subfield>
   </datafield>
   <datafield ind1="8" ind2=" " tag="024">
      <subfield code="a">https://doi.org/10.1080/23311886.2022.2053271</subfield>
   </datafield>
   <datafield tag="653" ind2=" " ind1=" ">
      <subfield code="a">Epidemias</subfield>
   </datafield>
   <datafield tag="653" ind2=" " ind1=" ">
      <subfield code="a">Marcas registradas-Publicidad</subfield>
   </datafield>
   <datafield tag="653" ind2=" " ind1=" ">
      <subfield code="a">Lenguaje publicitario</subfield>
   </datafield>
   <datafield tag="653" ind2=" " ind1=" ">
      <subfield code="a">Propaganda-Aspectos sociales</subfield>
   </datafield>
   <datafield tag="653" ind2=" " ind1=" ">
      <subfield code="a">COVID-19</subfield>
   </datafield>
   <datafield tag="653" ind2=" " ind1=" ">
      <subfield code="a">Aislamiento social</subfield>
   </datafield>
   <datafield tag="653" ind2=" " ind1=" ">
      <subfield code="a">Marketing</subfield>
   </datafield>
   <datafield ind2="0" ind1="0" tag="245">
      <subfield code="a">Brand’s communications in COVID-19. Social role during and after lockdown</subfield>
   </datafield>
</record>
</metadata></record></GetRecord></OAI-PMH>